Urýchlená privatizácia

Vláda opäť deklaruje zvýšenie tempa privatizácie. Privatizácia IRB a Slovenskej poisťovne zatiaľ stojí na súdnych sporoch. Niektoré problémy môžu zabrzdiť privatizáciu SPP a Transpetrolu. NCHZ budú pokračovať v reštrukturalizácii až po privatizácii. Strategickosť zrazila Solivary a Imunu na kolená....

Ausführliche Beschreibung

Gespeichert in:
Bibliographische Detailangaben
1. Verfasser: Hrúz, Juraj
Weitere Verfasser: Hirman, Karel, Čikovský, Konštantín, Velecký, Milan
Format: Buchkapitel
Sprache:Slowakisch
Schlagworte:
Tags: Tag hinzufügen
Keine Tags, Fügen Sie das erste Tag hinzu!

MARC

LEADER 00000naa a2200000 4500
001 r040978
005 20230921111041.4
041 0 |a slo 
044 |a SK 
245 1 0 |a Urýchlená privatizácia  |c Juraj Hrúz, Karel Hirman, Konštantín Čikovský, Milan Velecký 
520 |a Vláda opäť deklaruje zvýšenie tempa privatizácie. Privatizácia IRB a Slovenskej poisťovne zatiaľ stojí na súdnych sporoch. Niektoré problémy môžu zabrzdiť privatizáciu SPP a Transpetrolu. NCHZ budú pokračovať v reštrukturalizácii až po privatizácii. Strategickosť zrazila Solivary a Imunu na kolená. Odsúvanie privatizácie vohnalo Mediku do likvidácie. 
610 2 0 |a privatizácia 
610 2 0 |a banky 
610 2 0 |a poisťovne 
610 2 0 |a firmy 
610 2 0 |a vláda 
610 2 0 |a Slovensko 
610 2 0 |a likvidácia 
610 2 0 |a spory súdne 
100 1 |a Hrúz, Juraj 
700 1 |a Hirman, Karel 
700 1 |a Čikovský, Konštantín 
700 1 |a Velecký, Milan